000 01549nam a2200301 i 4500
003 DO-SdBNP
005 20250530140128.0
007 ta
008 250530b2025 dr ||||| |||| 00| 0 spa d
020 _a9789945649512
040 _aDO-SdBNP
_bspa
_cBNPHU
_erda
041 _aspa
082 4 _axxx
_bO34i
_222
100 1 _aOgando Montero, Alexander,
_d1995-
_4aut.
_eautor
_987921
245 1 3 _aLa importancia de ser paciente /
_cAlexander Ogando Montero, corrección de estilo, Mayli Leal.
250 _aPrimera edición
264 4 _aSanto Domingo, República Dominicana :
_bPrintbarato, Layoot & Printing, Srl.
_c©2025.
300 _a137 páginas ;
_c22 cm.
336 _atexto
_btxt
_2rdacontent
337 _asin mediación
_bn
_2rdamedia
338 _avolumen
_bnc
_2rdacarrier
500 _aIncluye datos biográficos de la autora en la solapa de la contracubierta.
505 _aPrólogo -- Dedicatoria -- La importancia de ser paciente -- ¿Cómo ser paciente? -- ¿Un juego de solitario o simplemente una rompecabezas glorificada? -- ¿Por qué callar la verdad? -- ¿Qué podemos ganar o perder con la paciencia? – Para reflexionar -- ¿Sabes cuál es la principal causa del fracaso? -- ¿Necesitamos la paciencia? -- ¿La paciencia como virtud? -- ¡Qué bonito sería si pudiera responderte con una estrategia! -- ¿Cuándo perdemos la paciencia? -- “Sonríele a la vida” – Carta a mi papá.
590 _aInventariado, 2025 /LP
700 1 _aLeal, Mayli,
_ecorrector
_4corr.
_987922
910 _aLP
942 _2ddc
_cLBS1
999 _c58971
_d58971